MDQL
is popping MORE tags! Check the
thread
!
Quizzes
Events
Quiz Creation
Community
Videos
Private Events
Remove Ads
Sign In
Join for FREE
Feedback
Dark Mode
Quiz Categories
Sports
Geography
Music
Movies
Television
Just For Fun
Miscellaneous
History
Literature
Language
Science
Gaming
Entertainment
Religion
Holiday
For Kids
Quiz Lab
Recent
Popular Today
Quiz Kudos Today
Editor Picks
Curator Picks
Quizzes by...
Day
Popularity
Type
Ratings
Length
Year
Community
Subscriptions
Recent Discussions
Orange Saloon
Badges
Playlists
Quests
Create
Leaderboards
Showdown
Live 5
Trivia Bingo
Activity
Puzzle Library
Sporcle Events
Private Events
Virtual Trivia
Globe League
Become a Host
Pub Owners
SporcleCon
Opinionation
Our Games
Videos
Blog
Mobile Apps
Partnerships
Remove Ads and Go Orange
Feedback
Sports
Athletes
MLB
NBA
NHL
NFL
Soccer
Sports Teams
WWE
NCAA
Football
Premier League
Basketball
Baseball
Hockey
Golf
Tennis
Cricket
Rugby
Auto Racing
Olympics
World Cup
Sports
Athletes
MLB
NBA
NHL
NFL
Soccer
Sports Teams
WWE
NCAA
Football
Premier League
Basketball
Baseball
Hockey
Golf
Tennis
Cricket
Rugby
Auto Racing
Olympics
World Cup
Random Quiz
Search Sporcle
×
Quiz Lab
Quiz Lab
Sports
Football
Type in answers that appear in a list
Type in answers that appear in a list
Classic
Best Score? Go Orange.
All-Time Polish Ekstraklasa Table Stats
Can you name the All-Time Polish Ekstraklasa Table?
By
carles_puyol
15m
84 Questions
5,290 Plays
5,290 Plays
5,290 Plays
Comments
Comments
Give Quiz Kudos
Give Quiz Kudos
-
- Ratings
hide this ad
Replay
Link that replays current quiz
Next Quiz
Link to next quiz in quiz playlist
You Got
0%
They Got
Avg Score
56%
Avg Friend Score
Upgrade to see
Score Distribution
Jump to the score distribution portion of the page
Score
0/84
Timer
15:00
0
Plays Today
Position
Club
% Correct
1.
Legia Warszawa
99.6%
5.
Lech Poznań
98.7%
2.
Wisła Kraków
97.8%
16.
Lechia Gdańsk
95.6%
4.
Górnik Zabrze
95.1%
3.
Ruch Chorzów
94.7%
9.
Widzew Łódź
93.6%
11.
Cracovia
93.6%
27.
Arka Gdynia
93.3%
6.
ŁKS Łódź
93.1%
7.
Pogoń Szczecin
92.9%
13.
Polonia Warszawa
92.9%
10.
Zagłębie Lubin
91.4%
8.
Śląsk Wrocław
91.2%
19.
Jagiellonia Białystok
90.4%
12.
GKS Katowice
88.2%
29.
Wisła Płock
86.2%
14.
Zagłębie Sosnowiec
84.8%
51.
Bruk-Bet Termalica Nieciecza
83.9%
21.
Korona Kielce
83.4%
15.
Polonia Bytom
83.2%
31.
Piast Gliwice
81.9%
28.
Warta Poznań
80.8%
17.
Stal Mielec
80.2%
25.
GKS Bełchatów
78.7%
40.
Motor Lublin
78.7%
37.
Górnik Łęczna
77.9%
30.
Zawisza Bydgoszcz
76.9%
Position
Club
% Correct
24.
Amica Wronki
76.6%
41.
Podbeskidzie Bielsko-Biała
75.6%
26.
Groclin Dyskobolia
75.1%
34.
Stomil Olsztyn
74.4%
23.
Odra Opole
74.3%
48.
Raków Częstochowa
73.8%
33.
Pogoń Lwów
72.1%
36.
Hutnik Kraków
70.1%
22.
Odra Wodzisław
69.8%
74.
Radomiak Radom
68.7%
69.
Sandecja Nowy Sącz
67.3%
55.
GKS Tychy
65.3%
35.
Stal Rzeszów
62.2%
32.
Garbarnia Kraków
60%
18.
Szombierki Bytom
59.5%
39.
Olimpia Poznań
58.9%
52.
Ruch Radzionków
58.3%
20.
Gwardia Warszawa
55.7%
53.
Stal Stalowa Wola
53.3%
75.
Górnik Polkowice
52.7%
77.
Świt Nowy Dwór Mazowiecki
52.6%
57.
KSZO Ostrowiec
52.4%
70.
Szczakowianka Jaworzno
52%
71.
RKS Radomsko
45.7%
45.
Górnik Wałbrzych
44.6%
60.
Siarka Tarnobrzeg
42.5%
58.
Sokół Pniewy
40.5%
43.
Bałtyk Gdynia
39.9%
Position
Club
% Correct
44.
ROW Rybnik
38.5%
72.
Toruński KS
35.3%
47.
Czarni Lwów
34.8%
79.
GKS Jastrzębie
34.1%
67.
Igloopol Dębica
33.7%
82.
Śmigły Wilno
33.1%
54.
1.FC Katowice
31.6%
38.
Warszawianka Warszawa
28.2%
76.
Tarnovia Tarnów
26.5%
50.
Polonia Bydgoszcz
26.1%
46.
Zagłębie Wałbrzych
24%
56.
Klub Turystów Łódź
23.6%
66.
Wawel Kraków
22.6%
59.
Sokół Tychy
22.4%
49.
Górnik Radlin
21.5%
42.
AKS Chorzów
20.9%
68.
WKS 22 pp Siedlce
20.8%
61.
Arkonia Szczecin
20.6%
80.
Dąb Katowice
19.2%
65.
Hasmonea Lwów
18.9%
83.
Jutrzenka Kraków
18.4%
62.
Śląsk Świętochłowice
17.7%
84.
Lechia Lwów
16%
64.
Unia Racibórz
15.6%
63.
Lechia Olimpia Gdańsk
13.9%
78.
Rymer Niedobczyce
12.6%
73.
Podgórze Kraków
12.5%
81.
ŁTS-G Łódź
12.1%
Quiz Playlist
Details
Report
Send in Message
Add To Playlist
Classic:
Type in answers that appear in a list
Last Updated: Nov 16, 2018
Quiz Scoreboard
CHALLENGE
Sign Up to Join the Scoreboard
Show All
Scores
Hide
Comments
May contain spoilers
Recently Published
5x2 Blitz: Bands
by SL_Kpop136
Music
30s
Colored Red Africa Blitz
by spor1
Geography
30s
Find the 'City' Movie
by crazypaving
Movies
60s
More to Explore
Quiz From the Vault
Featured Blog Post
14 Easter Pick-up Lines to Find Eggs With
hide this ad
You Might Also Like...
Tags
Football Quiz
club
ekstraklasa
point
Polish
Table
Today's Top Quizzes in Sports
Browse Sports
hide this ad
Today's Top Quizzes in Football
Browse Football
Top Contributed Quizzes in Sports
1
Players with Multiple 50 Home Run Seasons
2
Les entraîneurs de l'OM et du PSG au 21e siècle
3
Criteria MLB: Left Handed Sluggers
4
2022 World Cup Stars
5
Les meilleurs buteurs des matchs entre le PSG et l’OM
6
Who Hit More Homers?
7
Les joueurs passés par le PSG et l'OM
8
NBA Logic Puzzle 2.0
9
Top 10 NHL Goal Scorers of All Time
10
MLB Players with Two .350 Batting Average Seasons
Explore More
Trending Topics
Harry Potter
Disney
Anime
Marvel
Crossword
Kpop
NBA
Country
Song
WWE
Soccer
The Office
Pokémon
Puzzle
NFL
hide this ad
More By:
carles_puyol
Quiz
Plays
Rating
Category
Featured
Created
Juventus XIs: since 1996/97 season
16,952
4.54
Sports
May 13, 2012
FC Barcelona XIs: since 1996/97 season
15,158
4.40
Sports
May 6, 2012
Real Madrid XIs: since 1996/97 season
13,597
4.65
Sports
May 6, 2012
AC Milan XIs: since 1996/97 season
12,721
4.29
Sports
May 8, 2012
Inter Milan XIs: since 1996/97 season
11,884
4.61
Sports
May 10, 2012
Go to Creator's Profile
Score Distribution
Quiz Creator Spotlight
carles_puyol
Follow
Send a Message
Quizzes Created
-
Created Quiz Play Count
-
More By This Creator
Popular Quizzes Today
1
Colored Red Africa Blitz
2
Find the 'City' Movie
3
Find the US States - No Outlines Minefield
4
5x2 Blitz: Bands
5
The Countries of the World
6
Find the US States
7
US States
8
9x9 Crossword: Cartoon Network
More Sports Quizzes
NBA Same Last Name Trios
Published
Trending Quizzes
Colored Red Europe Blitz I
Colored Red Europe Blitz II
Colored Red Africa Blitz II
Colored Red Europe Blitz III
Colored Red Africa Blitz III
Recently Updated
How Do You Spell That?
pecheneg
Godzilla Movies
pecheneg
Grab Bag: 4-10 Letters
pecheneg
2024 March Madness Bracket
pecheneg
Famous TV Couples
Peacemaker
Champions League XIs: Real Madrid
pecheneg
Largest US Cities 1790-2010
pecheneg
Rides in Walt Disney World
pecheneg
Most Oscar Losses (Acting)
pecheneg
Beyoncé Albums
pecheneg
Trending Topics
Harry Potter
Kpop
NBA
Crossword
Anime
Marvel
Disney
NFL
Pokémon
Soccer
Song
Country
WWE
The Office
Puzzle
Your Account Isn't Verified!
In order to create a playlist on Sporcle, you need to verify the email address you used during registration. Go to your
Sporcle Settings
to finish the process.
Report this User
Report this user for behavior that violates our
Community Guidelines
.
Details:
Send Report
Go to the Sporcle.com Mobile Site →
Comments